000
00350pam a2200157a 44500
008
230405s1979 xxu||||| |||| 00| 0 eng d
041
_a
ENG
100
_a
John Sizer
245
_a
An insight Into Management Accounting
250
_a
1
260
_a
_b
Pitman
_c
1979
300
_a
525,22 cms
440
_a
434
690
_a
IMRDA
906
_a
1520
999
_c
254379
_d
254379